Dynamické modely inflácie a nezamestnanosti diplomová práca

Saved in:
Bibliographic Details
Main Author: Fábryová, Terézia
Corporate Author: Fakulta hospodárskej informatiky EU. Katedra operačného výskumu a ekonometrie
Other Authors: Szomolányi, Karol, 1976-
Format: Book
Language:Slovak
Published: Bratislava 2016
Tags: Add Tag
No Tags, Be the first to tag this record!

MARC

LEADER 00000nlm a2200000 4500
001 0226906
005 20180712093134.1
041 0 |a slo 
044 |a SK 
245 1 0 |a Dynamické modely inflácie a nezamestnanosti  |b diplomová práca  |c Terézia Fábryová ; školiteľ: Karol Szomolányi 
264 1 |a Bratislava  |c 2016 
300 |a 53 s. 
100 1 |a Fábryová, Terézia 
700 1 |a Szomolányi, Karol, 1976- 
710 2 |a Fakulta hospodárskej informatiky EU. Katedra operačného výskumu a ekonometrie